000 00991nam a2200253 a 4500
999 _c11654
_d11654
001 11654
003 BD-JhCC
005 20210329134019.0
008 200714b2009 bg a|||| ||a| 001 0 mul d
020 _a9843000002860
035 _a(BD-JhCC)11654
040 _aBD-JhCC
_dBD-JhCC
041 _amul
082 _a570.9
_bBAN 2009
245 _aবাংলাদেশ উদ্ভিদ ও প্রাণী জ্ঞানকোষ:
_bসায়ানোব্যাক্টেরিয়া ব্যাক্টেরিয়া ও ছত্রাক /
_cঅনু: মোহাম্মদ মতিউর রহমান ।
260 _aঢাকা:
_bবাংলাদেশ এশিয়াটিক সোসাইটি;
_c২০০৯.
300 _a448 p. :
_bill;
_c26 cm.
650 _aBiology
650 _aZoology
650 _aDisctionay
700 _aরহমান, মোহাম্মদ মতিউর
942 _2ddc
_cBK
_02